000
00219nam a2200097Ia 4500
008
230915s9999 xx 000 0 und d
050
_a
SF 105 .H 36
100
_a
Hammond,John
245
0
_a
Animal Breeding
942
_c
BK
999
_c
202012
_d
202012